ČSSR - krajina s rozvíjajúcou sa jadrovou energetikou

Bibliographic Details
Main Authors: Dvořák, Karel (Author), (eb) (Author)
Format: Article
Language:Slovak
Subjects:

MARC

LEADER 00000nab a2200000 a 4500
001 vtls000011805
003 SK-MaSNL
005 20260304235806.0
008 111103c1978 xo 0 slo
015 |a SNBRB19rr/mm-uuuuu 
035 |a CL0021899 
040 |a SNKBUCL  |b slo  |c SNKBUCL  |e AACR2 
041 0 |a slo 
044 |a xo  |c SK 
080 |a 621.039  |2 1981 
080 |a 621  |2 1981 
080 |a 334.7  |2 1981 
080 |a 339.1  |2 1981 
100 1 |a Dvořák, Karel  |4 aut  |9 5237 
245 1 0 |a ČSSR - krajina s rozvíjajúcou sa jadrovou energetikou  |c Karel Dvořák, (eb) 
650 0 7 |a strojárstvo  |2 snkbucl  |9 674 
650 0 7 |a veľtrhy medzinárodné  |2 snkbucl  |9 880743 
650 0 7 |a Škodaexport  |2 snkbucl  |9 1573469 
651 7 |a 3702  |2 snkbucl  |9 353010 
655 7 |a články z novín a časopisov  |2 snkbucl  |9 267496 
700 1 |a (eb)  |4 aut  |9 853933 
773 0 |t Technické noviny  |g Roč. 26, č. 41 (10. 10. 1978), s. 3 
850 |a Slovenská národná knižnica v Martine  |a MTA001 
852 |a SNK  |b KIS3GCP 
958 |a RK 
992 |a RBX 
999 |c 3210549  |d 3212479